| 000 | 00489cam a2200193ua 4500 | ||
|---|---|---|---|
| 020 | _c55.00 | ||
| 041 |
_aeng _h |
||
| 082 |
_a515.8 _bGOL/ME |
||
| 100 | _aGoldbery, Richard R . | ||
| 245 |
_aMethods of real analysis / _cRichard R Goldbery. _hTextual Documents |
||
| 250 |
_a1 / _b. |
||
| 260 |
_aNew Delhi : _bOxford & IBH Publishing company , _c1970. |
||
| 300 | _a353 ; . | ||
| 365 | _a55.00 | ||
| 504 | _a | ||
| 942 | _cBK | ||
| 999 |
_c9905 _d9905 |
||